000 01109nam a22002057a 4500
001 5659
003 FISKH
005 20250109143432.0
008 250109b cb ||||| |||| 00| 0 eng d
020 _a9781107643727
040 _aFISKH
_beng
_cFISKH
_dFISKH
100 _aBarker, Chris
245 _aCambride Global English :
_bfor Cambridge Secondary 1 English as a second language : Workbook /
_cby Chris Barker and Libby Mitchell
260 _aCambridge :
_bCambridge University Press ;
_c2014.
300 _a127 pages :
_billustrations ;
_c28 cm .
520 _aCambridge Global English Stages 7-9 follow the Cambridge Lower Secondary English as a Second Language (ESL) Curriculum Framework. Workbook 7 is organised into eighteen thematic units of study based on the Cambridge International English Scheme of Work for Stage 7. The units are carefully structured to reinforce the language learning of the Coursebook, at the same time as extending students' knowledge via a range of exercise types. CEFR Level low B1.
700 _aMitchell, Libby
_eillustrator
942 _2ddc
_cBK
_n0
999 _c5659
_d5659